| 000 | 00860cab a22002055a 4500 | ||
|---|---|---|---|
| 001 | L156581 | ||
| 008 | 120611e20120601xxk 000 0 eng d | ||
| 035 | _a(Sirsi) u156581 | ||
| 041 | 0 | _aeng | |
| 100 | 1 | _aWright, Emily | |
| 245 | 0 | 0 | _aOlympic record breakers |
| 260 | _c2012 | ||
| 490 |
_aBuilding _v277 (8730) 1 June 2012, 34-37(4) |
||
| 520 | _aNotes the success of the Olympics 2012 building projects from a health and safety and environmental perspective. Accident frequency rates have been recorded of just 0.15 compared with the industry average of 3.4. Examines whether this excellent record can be extended to future projects which will inevitably have a lower budget and profile than the Olympics. | ||
| 590 | _aKA | ||
| 651 | 4 | _aUnited Kingdom | |
| 690 |
_aConstruction management _96230 |
||
| 690 |
_aHealth and safety _96244 |
||
| 942 | _n0 | ||
| 999 |
_c84090 _d84090 |
||